Projekt Solventnosť II a jeho dopad na slovenský poistný trh dizertačná práca

Enregistré dans:
Détails bibliographiques
Auteur principal: Marcinech, Patrik
Collectivité auteur: Národohospodárska fakulta EU. Katedra poisťovníctva
Autres auteurs: Majtánová, Anna
Format: Livre
Langue:slovaque
Publié: Bratislava 2019
Sujets:
Tags: Ajouter un tag
Pas de tags, Soyez le premier à ajouter un tag!

MARC

LEADER 00000nbm a2200000 4500
001 0257785
005 20230227105726.7
041 0 |a slo 
044 |a SK 
245 1 0 |a Projekt Solventnosť II a jeho dopad na slovenský poistný trh  |b dizertačná práca  |c Patrik Marcinech ; školiteľ: Anna Majtánová 
264 1 |a Bratislava  |c 2019 
300 |a 137 s. 
610 2 0 |a projekty 
610 2 0 |a solventnosť 
610 2 0 |a trh poistný 
610 2 0 |a riziko trhové 
610 2 0 |a oceňovanie 
100 1 |a Marcinech, Patrik 
700 1 |a Majtánová, Anna 
710 2 |a Národohospodárska fakulta EU. Katedra poisťovníctva